| 000 | 00537nam a2200193 u 4500 | ||
|---|---|---|---|
| 005 | 20220622063708.0 | ||
| 008 | 190618s2009 es r 000 0 spa d | ||
| 020 | _a9788498672237 | ||
| 035 | _aUPN01000231416 | ||
| 049 | _aI | ||
| 050 | 4 |
_aPZ10.3 _bL3.7 |
|
| 100 | 1 |
_aLayton, Neal _942907 |
|
| 245 | 1 | 0 |
_aOscar y Arabella / _cNeal Layton ; tr. Raquel Mancera. |
| 260 |
_aBarcelona, Esp. : _bRBA, _c2009. |
||
| 300 |
_a[28] p. ; _bil. col. |
||
| 650 | 0 |
_aAnimales _vCuentos y leyendas _9234 |
|
| 905 | _aInfantil | ||
| 999 |
_c203511 _d203511 |
||